000 00805nam a22002177a 4500
005 20100809160552.0
010 _aENG-99154
020 _a9789380599021
_c275.00
035 _aEN-82686
037 _bDBAD/PUB
082 _a004.03
100 _aBhattacharya, Joyrup
_99591
245 _aRudiments of computer science :
_bas per syllabus of West Bengal council for higher secondary education /
_cby Joyrup Bhattacharya
260 _aKolkata
_bAcademic Publishers
_c2010
270 _a5A, Bhawani Dutta Lane
_bKolkata
_e700073
300 _avarious pagings
_c27cm (pbk)
700 _99571
700 _99572
942 _2ddc
_cEN
_h004.03
_mBHA
999 _c40441
_d40441